La Capitalización individual privada y el rol del Estado en la seguridad social /
Los modelos previsionales de Colombia, Argentina, México y Venezuela son elecciones políticas, adoptándose soluciones intermedias y selectivas. Uno de sus componentes, el de capitalización individual, es inseguro y de considerable costo fiscal y riesgo político para el Estado. Se propone el autofina...
Guardat en:
| Autor principal: | |
|---|---|
| Format: | Text |
| Matèries: | |
| Etiquetes: |
Afegir etiqueta
Sense etiquetes, Sigues el primer a etiquetar aquest registre!
|
MARC
| LEADER | 00000 a a2200000 04500 | ||
|---|---|---|---|
| 001 | 7296 | ||
| 003 | |||
| 040 | |||
| 100 | |a Díaz, Luis Eduardo | ||
| 245 | |a La Capitalización individual privada y el rol del Estado en la seguridad social / |c Luis Eduardo Díaz | ||
| 520 | |a Los modelos previsionales de Colombia, Argentina, México y Venezuela son elecciones políticas, adoptándose soluciones intermedias y selectivas. Uno de sus componentes, el de capitalización individual, es inseguro y de considerable costo fiscal y riesgo político para el Estado. Se propone el autofinanciamiento del sistema y una actividad de coordinación y evaluación para desarrollar unevas capacidades de conducción, cuando el sector privado participa. /copy/denniap | ||
| 650 | |a PENSIONES DE JUBILACION | ||
| 650 | |a SEGURIDAD SOCIAL | ||
| 650 | |a REFORMA SOCIAL | ||
| 773 | |g volumen 10, número 2; páginas 269-301 | ||
| 999 | |c 22431 |d 22431 | ||
